00353 a2200145 4500001000700000040002200007041001600029082002200045100003200067245002600099250000800125260005300133300000800186362001300194142245 cLeonardo Da Vinci aPortuguês a299.56 I27abI27a aIGREJA Messiânica Mundial aAlicerce do paraíso av.5 bFundação Mokiti Okada MOAc1985aSão Paulo a159 a19850000